Organic spectroscopy ( NMR IR MASS AND UV) (Record no. 6203)

MARC details
000 -LEADER
fixed length control field 00481nam a22001817a 4500
005 - DATE AND TIME OF LATEST TRANSACTION
control field 20230118105147.0
008 - FIXED-LENGTH DATA ELEMENTS--GENERAL INFORMATION
fixed length control field 200517b xxu||||| |||| 00| 0 eng d
020 ## - INTERNATIONAL STANDARD BOOK NUMBER
ISBN 9788123919065
041 ## - LANGUAGE CODE
Language code of text/sound track or separate title eng
082 ## - DEWEY DECIMAL CLASSIFICATION NUMBER
Classification number 547.3 DEW
100 ## - MAIN ENTRY--AUTHOR NAME
Personal name DEWAN S.K
245 ## - TITLE STATEMENT
Title Organic spectroscopy ( NMR IR MASS AND UV)
Remainder of title S.K DEWAN
250 ## - EDITION STATEMENT
Edition statement 1'st
260 ## - PUBLICATION, DISTRIBUTION, ETC. (IMPRINT)
Place of publication New Delhi
Name of publisher C.B S Publishers and Distributors
Year of publication 2019
300 ## - PHYSICAL DESCRIPTION
Number of Pages 662
650 ## - SUBJECT ADDED ENTRY--TOPICAL TERM
Topical Term PHARMACY
General subdivision D.PHARMA
942 ## - ADDED ENTRY ELEMENTS (KOHA)
Koha item type Books
Holdings
Lost status Damaged status Collection code Home library Current library Shelving location Date acquired Source of acquisition Cost, normal purchase price Full call number Accession Number Koha item type
    PHARMACY JRU Library JRU Library SHELF-16-E 17/05/2020 PURCHASE 625.00 547.3 DEW 23895 Books